HARD-TO-SURVEY population

Saved in:
Bibliographic Details
Format: Book
Language:English
Published: Cambridge University Press 2014
Tags: Add Tag
No Tags, Be the first to tag this record!

MARC

LEADER 00000nam a22000007a 4500
008 210714b ||||| |||| 00| 0 eng d
020 |a 9781107628717 
245 |a HARD-TO-SURVEY population  |c edited by Roger Tourangeau... [et al.]  |g xxv, 648p; ill 
250 |c Tourangeau, Roger 
260 |b Cambridge University Press  |c 2014  |h New York  |i 696441  |i 696442  |l HB849.49.H22  |m Demographic surveys  |m Social surveys 
500 |a it includes references and index 
942 |a lcc  |c BK  |e JOHNSON  |f 14/07/21 
952 |0 0  |1 0  |2 lcc  |4 0  |6 HB084949 H22  |7 0  |9 2794  |a SSL  |b HOL  |c GJ  |d 2021-07-14  |l 0  |o HB849.49.H22  |p 2021-66456  |r 2021-07-14 00:00:00  |w 2021-07-14  |y BK 
952 |0 0  |1 0  |2 lcc  |4 0  |6 HB084949 H22  |7 0  |9 2795  |a HOL  |b HOL  |c GJ  |d 2021-07-14  |l 0  |o HB849.49.H22  |r 2021-07-14 00:00:00  |w 2021-07-14  |y BK 
999 |c 1454  |d 1454